000 00845nam a22002657i 4500
003 EG-ScBUE
005 20230611121149.0
008 200219s2014 ua a f 000 0 eng d
020 _a9789775033239
040 _aEG-ScBUE
_beng
_erda
_cEG-ScBUE
_dEG-ScBUE
043 _af-ua---
082 0 4 _222
_a758.9962
_bRAZ
100 1 _aEl Razzaz, Mostafa F.,
_eauthor.
245 1 0 _aInji, Tahia, Gazbia :
_ba life's journey /
_cMostafa El Razzaz.
250 _aFirst edition.
264 1 _aCairo :
_bGallery Picasso,
_c2014.
300 _a175 pages :
_bcolor illustrations ;
_c30 cm
336 _2rdacontent
_atext
_btxt
337 _2rdamedia
_aunmediated
_bn
338 _2rdacarrier
_avolume
_bnc
650 7 _aPainting, Egyptian
_y20th century.
_2BUEsh
655 _vReading book
942 _2ddc
_cBB
999 _c30471
_d30442